| 000 | 00423 a2200169 4500 | ||
|---|---|---|---|
| 999 |
_c4965 _d4965 |
||
| 020 | _a0312752377 | ||
| 050 | 0 | 0 | _aPR6057 GOW 1985 |
| 100 | 1 |
_aGower, Iris. _eauthor |
|
| 245 | 1 | 0 |
_aSpinners' wharf / _cIris Gower. |
| 250 | _a1st U.S. ed. | ||
| 264 |
_aLondon : _bGorgi Books, _c1985. |
||
| 300 | _a383 p. ; | ||
| 500 | _anovel | ||
| 650 | 0 |
_aWomen _xFiction. |
|
| 651 | 0 | _aSwansea (Wales) | |
| 942 |
_2lcc _cBK _h6057 _iGOW _kPR |
||